00694nam a2200181 i 450000100060000000300090000600500170001500700030003200800410003510000450007624501460012126000560026730000210032350000480034471000580039271000280045085200340047842041ES-MaACL20251116063053.0t|030312s1956 sp ||||1| spa d1 aCasas Torres, José Manuel, d1916-201013aLa originalidad geográfica de Navarra b: lección inagural del I curso : cursos de verano de Pamplona / cpor José Manuel Casas Torres. aPamplona : bDiputación Foral de Navarra, c1956. a23 p. ; c24 cm. aPrecede al tít.: Universidad de Zaragoza.1 aNavarra (Comunidad Autónoma). bDiputación Foral.2 aUniversidad de Zaragoza aES-MaACLj1985-F-22 bR.39328